000 00376 a2200169 4500
001 194965
020 _a85-08-05222-7
040 _cMagnum
100 _aWilson, Rocha
240 1 0 _aO fabricante de terremotos
_lpor
245 1 0 _aO fabricante de terremotos
300 _a193
362 0 _a1995
440 1 _aÁtica
697 _aLITERATURA INFANTO-JUVENIL
942 _cBK
999 _c194965
_d194965